00877nam a2200205Ia 4500008004100000020001700041040001400058082002100072100003300093245010000126260004500226300001700271365002600288366000800314505002200322530003000344620009700374630010000471730010000571100315s9999 xx 000 0 und d a0074630407  cENGLISH  b7203 a005.74  a"Bajaj, K.K., Nag, Debjani " a"From EDI to Electronic Commerce : Confernce Proceedings Oct.30- Nov. 1, 1996 New Delhi, India" aNEW DELHI bTATA MCGRAW-HILL  c1997  a"xii,320  " eRupees d1 b0.00  f0  gVaibhav Gaikwad  bDonated by RBI Library   a"Electronic Commerce, Trade Procedures, Electronic Data Interchange, Value Added Networks " a"From EDI to Electronic Commerce : Confernce Proceedings Oct.30- Nov. 1, 1996 New Delhi, India" a"From EDI to Electronic Commerce : Confernce Proceedings Oct.30- Nov. 1, 1996 New Delhi, India"